000 00908nam a2200241 a 4500
001 000044445
005 20240412074303.0
008 140701s2013 dr a 000 p spa d
020 _a9789945416503
040 _aDO-SdBNP
_bspa
_cBNPHU
082 _aRD861.5
_bM425m
100 1 _aMateo Ciprian, Juan A.,
_d1976-
_972456
245 1 0 _aMi poemario de vida y amor /
_cJuan A. Mateo Ciprian ; prólogo Marcos Jesús Colón Arache.
260 _aSanto Domingo, :
_bSomos Artes Gráficas,
_c2013.
300 _a198 p. :
_bil. ;
_c23 cm.
500 _aIncluye datos biográficos del autor en la contracubierta
590 _aLa biblioteca posee tres ejemplares autografiados por el autor
590 _aInventariado, 2019 / DG
650 0 _aPoesía dominicana
_966
650 0 _aLiteratura dominicana.
_967
700 1 2 _aColón Arache, Marcos Jesús,
_epról.
_972457
910 _aValidado. Control de calidad MFF
999 _c43934
_d43934